000 01016cam a22002414a 4500
005 20250605164156.0
008 250528s ||||||||||||||||||||||||d
035 _a19611
020 _a9607461223
040 _aGR-AtMCL
_bgre
_dGR-AtMCL
_eAACR2
245 1 _aΗ ΜΕΘΟΔΟΣ PNF
250 _a1
260 _bΙατρικες Εκδόσεις Σιωκης,
_c1997
300 _a291
505 0 _aΒΑΣΙΚΕΣ ΔΙΑΔΙΚΑΣΙΕΣ ΤΗΣ ΔΙΕΥΚΟΛΥΝΣΗΣ ΤΕΧΝΙΚΕΣ ΘΕΡΑΠΕΙΑ ΑΣΘΕΝΟΥΣ ΣΧΗΜΑΤΑ ΔΙΕΥΚΟΛΥΝΣΗΣ ΤΑ ΑΝΩ ΑΚΡΑ ΤΑ ΚΑΤΩ ΑΚΡΑ Ο ΑΥΧΕΝΑΣ
520 _aΒΑΣΙΚΕΣ ΔΙΑΔΙΚΑΣΙΕΣ ΤΗΣ ΔΙΕΥΚΟΛΥΝΣΗΣ ΤΕΧΝΙΚΕΣ ΘΕΡΑΠΕΙΑ ΑΣΘΕΝΟΥΣ ΣΧΗΜΑΤΑ ΔΙΕΥΚΟΛΥΝΣΗΣ ΤΑ ΑΝΩ ΑΚΡΑ ΤΑ ΚΑΤΩ ΑΚΡΑ Ο ΑΥΧΕΝΑΣ
700 1 _aAdler S.S.
_95816
700 1 _aBeckers D.
_95817
700 1 _aBuck M
_95818
942 _cBK
999 _c4867
_d4867